Logistické technológie v podnikovom riadení

Logistické technológie, využívané v podnikom riadení. Analýza vybraných logistických technológií. Komplexný pohľad na logistické technológie. Komparatívna analýza vybraných logistických technológií - Kanban, Quick Response, Efektívna reakcia na požiadavky zákazníka.

Gespeichert in:
Bibliographische Detailangaben
1. Verfasser: Richnák, Patrik, 1988-
Weitere Verfasser: Ružička, Tomáš, 1991-
Format: Buchkapitel
Sprache:Slowakisch
Schlagworte:
Tags: Tag hinzufügen
Keine Tags, Fügen Sie das erste Tag hinzu!

MARC

LEADER 00000naa a2200000 4500
001 0260694
005 20240502074129.9
041 0 |a slo 
044 |a SK 
245 1 0 |a Logistické technológie v podnikovom riadení  |c Patrik Richnák, Tomáš Ružička 
520 |a Logistické technológie, využívané v podnikom riadení. Analýza vybraných logistických technológií. Komplexný pohľad na logistické technológie. Komparatívna analýza vybraných logistických technológií - Kanban, Quick Response, Efektívna reakcia na požiadavky zákazníka. 
610 2 0 |a technológie nové 
610 2 0 |a logistika 
610 2 0 |a kanban 
610 2 0 |a riadenie podnikové 
610 2 0 |a zákazníci 
100 1 |a Richnák, Patrik, 1988- 
700 1 |a Ružička, Tomáš, 1991-